Пропукване (Запис номер 392554)
[ съкратено ]
| 000 -Лидер | |
|---|---|
| Контролно поле с фиксирана дължина | 00966nam a2200277 a 4500 |
| 003 - Код на организацията, давaща контролен номер | |
| Контролно поле | BLK |
| 005 - Дата и час на последна редакция | |
| Контролно поле | 20250523100032.0 |
| 008 - Елементи от данни с фиксирана дължина | |
| fixed length control field | 201221b bu ||||gr|||| 00| | bu d |
| 020 ## - Международен стандартен номер на книга ISBN | |
| Международен стандартен номер на книга ISBN | 9789542833574 |
| 040 ## - Източник на каталожния запис | |
| Идентификатор на билиотеката - собственик на записа | BLK |
| 041 ## - Код за език | |
| Код за езика на текст/звукозапис или на отделно заглавие | Български |
| Код за езика КДБФ | Български |
| 080 ## - УДК | |
| Текстов определител УДК | Американска литература (на САЩ) |
| УДК код - определител по УДК | 821.111(73) |
| УДК - код + определител | 821.111(73)-31 |
| 100 ## - Редна дума - Автор | |
| R(LIN) | 1299 |
| Автор | Слотър, Карин |
| Авторска отговорност | първи автор |
| 139 ## - Редно поле | |
| Редна дума | Слотър, Карин |
| Авторски знак | Сли - С 45 |
| 245 ## - Сведения за заглавието | |
| Заглавие | Пропукване |
| Редно поле (дума) | Карин Слотър ; прев. от англ. Коста Сивов |
| 260 ## - Област на издателските данни | |
| 9 (RLIN) | 219755 |
| Място на издаване, разпространение и проч. | София |
| Име на издателя, разпространителя и проч. | Сиела |
| Година на издаване | 2020 |
| Издателство - префикс ISBN | 954-649- |
| 300 ## - Физическа характеристика | |
| Страници | 484 с. |
| Размери/Мащаб | 21 см |
| 380 ## - Жанр | |
| Жанр | Худож. лит. |
| 490 ## - СЕРИИ (Колекции) | |
| Име на серия | Серия Уил Трент |
| №: серия | 2 |
| 9 (RLIN) | 436542 |
| 700 ## - Други автори (авторска отговорност) | |
| Лично име | Сивов, Коста Атанасов |
| 9 (RLIN) | 383724 |
| 999 ## - СИСТЕМНИ КОНТРОЛНИ НОМЕРА | |
| Koha biblionumber | 392554 |
| Koha biblioitemnumber | 392554 |
| 942 ## - АРТИКУЛИ | |
| Вид на библиотечния материал | Книги |
| Скрит в OPAC | Не |
| Периодичен библиозапис | Да |
| Koha issues (borrowed), all copies | 21 |
| 944 ## - СЪЗДАВАНЕ И РЕДАКЦИЯ на ЗАПИСА | |
| Създаване/Редакция | Създаване |
| Дата на регистрацията/редакция | 2020-12-21 |
| Служител, извършил регистрацията/редакцията | 30530 |
| Статус, дата на статуса | Минев Младен |
| 999 ## - СИСТЕМНИ КОНТРОЛНИ НОМЕРА | |
| Koha biblioitemnumber | 392554 |
| 999 ## - СИСТЕМНИ КОНТРОЛНИ НОМЕРА | |
| Koha biblioitemnumber | 392554 |
| 999 ## - СИСТЕМНИ КОНТРОЛНИ НОМЕРА | |
| Koha biblioitemnumber | 392554 |
| Код за отписване | Код за изгубен артикул | Източник на класификационната схема | Код за повреда | Коз за рестрикции | Код за отдаване | Артикулен № | Име на библиотеката - собственик | Име на библиотеката, в която се намира в момента | Статус (Текущо местоположение) | Дата на вписване в системата | Местоположение - отдел | Цена в лева | Систематично азбучна сигнатура | Баркод | Цена в евро | Служебен тип на артикула |
|---|---|---|---|---|---|---|---|---|---|---|---|---|---|---|---|---|
| Изтеглен | Не е изгубен | Universal Decimal Classification | Не е повреден | без рестрикции | заемане за дома | 805956 | Регионална библиотека "Любен Каравелов" Русе | Регионална библиотека "Любен Каравелов" Русе | Заемна - подръчен фонд | 2021-01-02 | Заемна - подръчен фонд | 14.92 | 821-31/С 45 К | 120000850298 | 7.63 | Книги |
| Не е изгубен | Universal Decimal Classification | Не е повреден | заемане за дома | 830206 | Регионална библиотека "Любен Каравелов" Русе | Регионална библиотека "Любен Каравелов" Русе | Заемна - подръчен фонд | 2021-05-17 | Заемна - подръчен фонд | 14.92 | 821-31/С 45 К | 120000855135 | 7.63 | Книги |